00366nam a22001217a 450000500170000001000170001702000260003403700310006024500240009126000500011527000500016530000290021520230607112334.0 aCHEN 25.5.23 a9788131942062c450.00 bB.Jain Publishers (P) Ltd. aEarth:b500 Facts / aNoida, U.P.bB.Jain Publishers (P) Ltd.c202? aD-157, Sector 63, Noida bNoida, U.P.e201307 a192p.bcol.illc24cm(Hb)